English vocabulary in use : (Record no. 11651)
| 000 -BAŞLIK | |
|---|---|
| Sabit Uzunluktaki Kontrol Alanı | 01174nam a22003377a 4500 |
| 001 - KONTROL NUMARASI | |
| Control Dosyası | 0011682 |
| 003 - KONTROL NUMARASI KİMLİĞİ | |
| Kontrol Alanı | KOHA_MİRAKIL |
| 005 - EN SON İŞLEM TARİHİ ve ZAMANI | |
| Kontrol Alanı | 20260207001826.0 |
| 007 - FİZİKSEL TANIM SABİT ALAN - GENEL BİLGİ | |
| Sabit uzunluklu kontrol alanı | ta |
| 008 - SABİT UZUNLUKTAKİ VERİ ÖGELERİ - GENEL BİLGİ | |
| Sabit Alan | 090729b2003 enka|||gr||||#0|||1|eng | |
| 020 ## - ISBN - ULUSLARARASI STANDART KİTAP NUMARASI | |
| Isbn | 9780521614658 |
| Kullanılabilirlik koşulları | 72,68 |
| 040 ## - KATALOGLAMA KAYNAĞI | |
| Özgün Kataloglama Kurumu | TR-BiSEU |
| Kataloglama Dili | tur |
| Çeviri Kurumu | TR-BiSEU |
| Açıklama Kuralları | rda |
| 041 0# - DİL KODU | |
| Metin ya da ses kaydının dil kodu | eng |
| 044 ## - YAYINLAYAN/ÜRETEN KURULUŞUN ÜLKE KODU | |
| ISO country code | enk |
| 050 ## - SINIFLAMA ve YER NUMARASI | |
| Sınıflama Numarası | PE1449 |
| Yer Numarası | .R43 2005 |
| 100 1# - KİŞİ ADI | |
| Yazar Adı (Kişi adı) | Redman, Stuart.. |
| 245 1# - ESER ADI BİLDİRİMİ | |
| Başlık | English vocabulary in use : |
| Alt Eseradı vb. | pre-intermediate and intermediate/ |
| Sorumluluk Bildirimi | Stuart. Redman ; Stuart Redman. |
| 250 ## - BASIM BİLDİRİMİ | |
| Basım Bildirimi | 2nd ed. |
| 264 #1 - ÜRERİM, YAYIN, DAĞITIM ve TELİF BİLDİRİMİ | |
| Yayın yeri | Cambridge, U.K. ; New York : |
| Yayınlayan | Cambridge University, c2003 |
| Yayın tarihi | 2003 |
| 300 ## - FİZİKSEL TANIMLAMA | |
| Sayfa, Cilt vb. | vi, 263 sayfa : |
| Diğer fiziki detaylar | ill. (some col.) ; |
| Boyutları | 27 cm. + |
| Birlikteki Materyal | 1 CD-ROM (4 3/4 in.) |
| 336 ## - İÇERİK TÜRÜ | |
| Content type term | metin |
| Content type code | txt |
| Source | rdacontent |
| 337 ## - MEDYA TÜRÜ | |
| Media type term | aracısız |
| Media type code | n |
| Source | rdamedia |
| 338 ## - TAŞIYICI TÜRÜ | |
| Carrier type term | cilt |
| Carrier type code | nc |
| Source | rdacarrier |
| 500 ## - GENEL NOT | |
| Genel Not | Includes index. |
| 500 ## - GENEL NOT | |
| Genel Not | "100 units of vocabulary reference and practice, self-study and classroom use." |
| 650 #0 - KONU BAŞLIĞI EK GİRİŞ - KONU TERİMİ | |
| Konusal terim veya coğrafi ad | Vocabulary--Problems, exercises, etc. |
| 9 (RLIN) | 28484 |
| 650 #0 - KONU BAŞLIĞI EK GİRİŞ - KONU TERİMİ | |
| Konusal terim veya coğrafi ad | English language--Textbooks for foreign speakers. |
| 9 (RLIN) | 5137 |
| 650 #0 - KONU BAŞLIĞI EK GİRİŞ - KONU TERİMİ | |
| Konusal terim veya coğrafi ad | Vocabulary--Self-instruction. |
| 9 (RLIN) | 28485 |
| 907 ## - LOCAL DATA ELEMENT G, LDG (RLIN) | |
| a | Dil |
| 942 ## - EK GİRİŞ ÖGELERİ (KOHA) | |
| Source of classification or shelving scheme | Library of Congress Classification |
| Koha item type | Book |
| Materyal Türü | Kalıcı Konum | Mevcut Konum | Raf Yeri | Sınıflandırma Kaynağı | Edinim Bilgisi | Ana Konular | Alt Konular | Yer Numarası | Demirbaş Numarası | Fatura Tarihi | Maliyet, Alış Fiyatı | Maliyet, Yenileme Fiyatı | Geri Çekilme Durumu | Kayıp Durumu | Hasarlı Durumu | Kredi için değil | Kayıt Tarih | Toplam Ödünçverme | Son Görülme Tarihi | Son Kontrol Tarihi |
|---|---|---|---|---|---|---|---|---|---|---|---|---|---|---|---|---|---|---|---|---|
| Book | Prof. Dr. Azmi Özcan Kütüphanesi | Prof. Dr. Azmi Özcan Kütüphanesi | Birûni Salonu | Library of Congress Classification | Satın | DİL VE EDEBİYAT | İngiliz Dili | PE1449 .R43 2005 | 0011682 | 23/12/2009 | 78.49 | 78.49 | 29/07/2009 | 11 | 05/12/2024 | 05/12/2024 |
